Statistics for UFL Players Quiz

Click here to take the quiz!

General Stats

  • This quiz has been taken 11 times
  • The average score is 4 of 10

Answer Stats

Team#Answer% Correct
DC4Abram Smith
100%
STL10AJ McCarron
75%
MEM10Case Cookus
50%
SA19Donald De La Haye
50%
DC10Jordan Ta'amu
50%
ARL12Luis Perez
50%
HOU93Chris Odom
25%
SA3*Cody Latimer
25%
STL3Jahcour Pearson
0%
HOU8Mark Thompson
0%

Score Distribution

Percentile by Number Answered

Percent of People with Each Score

Your Score History

You have not taken this quiz